00360nam a2200109Ia 45000010005000000080041000050200022000460820024000681000035000922450098001272600025002252511241024s9999 xx 000 0 und d a978-9945-020-47-2 aRD/972.93053/AR673s aArchivo General de la Nación 0aLa sumisión bien pagada. La iglesia dominicana bajo la Era de Trujillo (1930-1961), tomo II bEditora Búhoc2008